Sauna San Francisco /

Uloženo v:
Podrobná bibliografie
Hlavní autor: Egea, Octavi
Médium: Kniha
Jazyk:angličtina
Vydáno: Barcelona Studios J. M. R. 1987
Edice:Colección Paralela
Tagy: Přidat tag
Žádné tagy, Buďte první, kdo vytvoří štítek k tomuto záznamu!

MARC

LEADER 00000nam a2200000 4500
001 CDOM0000002322
003 mi
005 20251010144748.0
008 251010b |||||||| |||| 00| 0 eng d
040 |c mi 
100 |a Egea, Octavi 
245 1 |a Sauna San Francisco /  |c Octavi Egea 
260 |a Barcelona  |b Studios J. M. R.  |c 1987 
300 |a 171 p.  |c 20 cm. 
490 |a Colección Paralela 
500 |a In copertina: "Un detective gay atrapado en un caso de ambiente" 
942 |2 ddc  |c BK 
952 |0 0  |1 0  |2 ddc  |4 0  |6 B_LNR02EGEOCSAU11  |7 0  |9 5921  |a MI  |b MI  |d 1987-09-08  |i 506  |l 0  |o B-LNR02-EGEOC-SAU11  |p CDOM506  |r 2025-07-13 16:28:00  |w 2025-07-13  |x DONO  |y BK 
952 |0 0  |1 0  |2 ddc  |4 0  |6 B_LNR02EGEOCSAU12  |7 0  |9 5922  |a MI  |b MI  |d 1987-09-14  |i 568  |l 0  |o B-LNR02-EGEOC-SAU12  |p CDOM568  |r 2025-07-13 16:28:00  |w 2025-07-13  |x DONO  |y BK 
999 |c 4728  |d 4728